000
00277nam a2200109Ia 4500
008
230907s9999||||xx |||||||||||||| ||und||
082
_a
621.381
_b
GIV
245
0
_a
Digital principles and design /
260
_a
McGraw-Hill,
_b
New Delhi :
_c
2016
300
_a
702 p.
942
_c
BK
999
_c
600507
_d
600507